00742nam a2200181 i 4500001000700000003000900007005001700016008004100033080002300074100003500097245012400132250001200256260004900268300003000317490003300347830003300380852014700413182368ES-MaACL20250822063235.0130806s1908 gw |||| | spa d a087.5:83-321.6"18"1 aSpillmann, Joseph, d1842-190510aBienaventurados los misericordiosos b: episodio de la insurección de los negros en Haití / cpor José Spillmann. a2ª ed. aFriburgo de Brisgovia : bB. Herder, c1908. a114 p. : bil. ; c17 cm.1 aDesde lejanas tierras ; v140 aDesde lejanas tierras ; v14 aES-MaACLj2320-F-1 z.- Encuadernación editorial z.- Ejemplar deterioradoz.- Donat. herederos de la bibl. de Mª del Pilar Costa Palacín